| 000 | 01149cam a22003255a 4500 | ||
|---|---|---|---|
| 001 | 13584208 | ||
| 005 | 20151116152642.0 | ||
| 008 | 040506s2004 enka frbd f001 0 eng d | ||
| 020 | _a0198515774 (PBK.) | ||
| 020 | _a9780198515777 | ||
| 040 |
_aUKM _cUKM _dC#P _dDLC _dEG-ScBUE _beng |
||
| 082 | 0 | 4 |
_a004.35 _222 _bPET |
| 100 | 1 |
_aPetersen, W. P. _q(Wesley P.) _938759 |
|
| 245 | 1 | 0 |
_aIntroduction to parallel computing / _cW. P. Petersen, P. Arbenz. |
| 246 | 3 | 4 |
_aIntroduction to parallel computing : _ba practical guide with examples in C |
| 260 |
_aOxford ; _aNew York : _bOxford University Press, _c2004. |
||
| 300 |
_axvi, 259 p. : _bill. ; _c24 cm. |
||
| 490 | 0 |
_aOxford texts in applied and engineering mathematics ; _v9 |
|
| 500 | _aSubtitle from cover. | ||
| 500 | _aIndex : p. 255-259. | ||
| 500 | _aGlossary : p. 240-244. | ||
| 504 | _aBibliography : p. [246]-253. | ||
| 650 | 7 |
_aparallel processing (Electronic computers) _2BUEsh _911339 |
|
| 650 | 0 |
_aParallel computers _2BUEsh _911340 |
|
| 651 | _2BUEsh | ||
| 653 |
_bENGGEN _cNovember2015 |
||
| 655 |
_vReading book _934232 |
||
| 700 | 1 |
_aArbenz, Peter, _d1953- |
|
| 942 | _2ddc | ||
| 999 |
_c21058 _d21030 |
||